| 000 | 00377nam a2200133 a 4500 | ||
|---|---|---|---|
| 005 | 20140414131905.0 | ||
| 008 | 100924s19uu xx 00 eng d | ||
| 050 |
_aFIC _bF88 2007 |
||
| 100 | _aFrench, Vivian | ||
| 245 | _aPrincess Sophia and the prince's party. | ||
| 260 |
_aNew York : _bHarper Trophy, _c2007. |
||
| 440 | _aThe tiara club at silver towers | ||
| 999 |
_c110879 _d110879 |
||